000 00334nam a2200121 a 4500
005 20140414131915.0
008 100915s19uu xx 00 eng d
050 _aFIC
_bD95 1998
100 _aDutta, Arup Kumar
245 _aThe Kaziranga boys in save the pool.
260 _aNew Delhi, India :
_bRatna Sagar,
_c1998.
999 _c111422
_d111422